00313nam a22001217a 450000500170000000800410001704100130005808200130007110000120008424500460009630000240014265000250016620240827142213.0240827b |||||||| |||| 00| 0 eng d aEnglish  a349 LAW  lEnglish aThe Laws of the Republic of Namibia 2009  b89 pages; c25 cm.  aLegal practice bLaw